000 00741nam a22002177a 4500
999 _c13063
_d13063
003 AR-CdUCM
008 190411b ||||| |||| 00| 0 spa d
040 _aMUNICIPALIDAD PROVINCIAL DEL CUSCO
_cBIBLIOTECA MUNICIPAL DEL CUSCO
082 _a531 /
_bD88 / 1951
100 _aDomingo de Santo Tomás, Fray
_931253
245 _aLexicón o vocabulario de la lengua general del Perú /
260 _aLima :
_bImpr. Santa María,
_c1951.
300 _aXXXII, 373 páginas ;
_c21 cm.
505 _aContenido : Gramática y escritura.
650 _aLengua de los indios
_931254
650 _aPerú
_935
650 _aÉpoca Hispánica
_931255
710 _aInstituto de la Historia
_931256
942 _2ddc
_cLIBROS
945 _awnts
_d2019-04-11